| 000 | 00727nam a22002417a 4500 | ||
|---|---|---|---|
| 003 | UA-OsUOA | ||
| 001 | 47827 | ||
| 007 | ta | ||
| 008 | 20121010b un ||||| |||| 00| 0 ukr d | ||
| 100 | _aEvans M.J. | ||
| 090 | _a017 | ||
| 942 | _cBK | ||
| 040 |
_aUA-OsUOA _beng _cUA-OsUOA _dUA-OsUOA |
||
| 245 |
_aGiude to the Amerikansky Russky Viestnik _bVol. I. _c1894-1914 |
||
| 300 | _a508 p. | ||
| 955 | _a1 | ||
| 041 | _aeng | ||
| 080 | _a017 | ||
| 260 |
_aFairview _bCarpatho-Rusyn Research Center _c1979 |
||
| 650 | 7 |
_a01 Бібліографія і бібліографії. Каталоги _2UDC |
|
| 999 |
_c427927 _d427927 |
||